书目信息 |
| 题名: |
体育教学改革创新与发展研究
|
|
| 作者: | 宋海圣 , 赵庆彬 , 冯海涛 著 | |
| 分册: | ||
| 出版信息: | 北京 中国水利水电出版社 2022.09 |
|
| 页数: | 235页 | |
| 开本: | 24cm | |
| 丛书名: | ||
| 单 册: | ||
| 中图分类: | G807.01 | |
| 科图分类: | ||
| 主题词: | 体育教学--ti yu jiao xue--教学改革--教学研究 | |
| 电子资源: | ||
| ISBN: | 978-7-5170-3225-0 | |
| 000 | 01149nam0 2200277 450 | |
| 001 | 012001000750 | |
| 005 | 20141201171432.0 | |
| 010 | @a978-7-5170-3225-0@dCNY46.00 | |
| 099 | @aCAL 012015124030 | |
| 100 | @a20220905d2015 em y0chiy50 ea | |
| 101 | 0 | @achi |
| 102 | @aCN@b110000 | |
| 105 | @aak a 000yy | |
| 106 | @ar | |
| 200 | 1 | @a体育教学改革创新与发展研究@Ati yu jiao xue gai ge chuang xin yu fa zhan yan jiu@f宋海圣, 赵庆彬, 冯海涛著 |
| 210 | @a北京@c中国水利水电出版社@d2022.09 | |
| 215 | @a235页@c图@d24cm | |
| 320 | @a有书目 | |
| 330 | @a本书以体育教学为对象, 通过多方面全方位的角度对体育教学改革创新与发展进行了详细地研究, 涉及体育教学思想、体育教学内容、体育教学方法、体育教学手段、体育教学模式、体育教学设计、体育教学管理、体育教学评价等内容, 并对体育教学的基本知识以及改革创新成果进行了阐述, 能够对体育教学的改革和发展起到一定的推动作用。 | |
| 606 | 0 | @a体育教学@Ati yu jiao xue@x教学改革@x教学研究 |
| 690 | @aG807.01@v5 | |
| 701 | 0 | @a宋海圣@Asong hai sheng@4著 |
| 701 | 0 | @a赵庆彬@Azhao qing bin@4著 |
| 701 | 0 | @a冯海涛@Afeng hai tao@4著 |
| 801 | 0 | @aCN@bAHXH@c20221111 |
| 905 | @b1369898-902@dG807.01@e2048@f5 | |
| 体育教学改革创新与发展研究/宋海圣, 赵庆彬, 冯海涛著.-北京:中国水利水电出版社,2022.09 |
| 235页:图;24cm |
| ISBN 978-7-5170-3225-0:CNY46.00 |
| 本书以体育教学为对象, 通过多方面全方位的角度对体育教学改革创新与发展进行了详细地研究, 涉及体育教学思想、体育教学内容、体育教学方法、体育教学手段、体育教学模式、体育教学设计、体育教学管理、体育教学评价等内容, 并对体育教学的基本知识以及改革创新成果进行了阐述, 能够对体育教学的改革和发展起到一定的推动作用。 |
| ● |
| 相关链接 |
|
|
|
|
正题名:体育教学改革创新与发展研究
索取号:G807.01/2048
 
预约/预借
| 序号 | 登录号 | 条形码 | 馆藏地/架位号 | 状态 | 备注 |
| 1 | 1369898 | 213698989 | 第一样本阅览室/ [索取号:G807.01/2048] | 在馆 | |
| 2 | 1369899 | 213698998 | 教育系资料室/ [索取号:G807.01/2048] | 在馆 | |
| 3 | 1369900 | 213699005 | 教育系资料室/ [索取号:G807.01/2048] | 在馆 | |
| 4 | 1369901 | 213699014 | 第四借阅区/ [索取号:G807.01/2048] | 在馆 | |
| 5 | 1369902 | 213699023 | 第四借阅区/ [索取号:G807.01/2048] | 在馆 |